personnages jujutsu kaisen - Statistiques

Statistiques générales
  • Ce quiz a été pris 2 547 fois
  • Le résultat moyen est 20 sur 46
Statistiques - réponses
Réponse % Correct
3 gojo satoru
99%
1 yuji itadori
97%
6 megumi fushiguro
93%
5 nobara kugisaki
90%
2 ryumen sukuna
87%
46 Yu Haibara
85%
9 panda
83%
7 maki zenin
82%
4 kento nanami
74%
24 geto suguru
71%
14 aoi todo
69%
8 mai zenin
69%
25 Jogo
67%
23 mahito
67%
10 toge inumaki
66%
19 okkotsu yuta
65%
21 toji
59%
16 mei mei
51%
26 Hanami
48%
11 konichi Muta / Mechamaru
45%
31 choso
43%
22 Junpei Yoshino
38%
38 utahime iori
36%
20 Rika
35%
12 kasumi miwa
33%
34 shoko ieri
32%
13 kamo noritoshi
31%
15 momo
31%
18 masamichi yaga
30%
39 yuki tsukomo
27%
17 ui ui
25%
40 naobito zenin
22%
41 naoya zenin
20%
42 riko amanai
18%
32 Eso
17%
30 ijichi kiyotaka
17%
29 ino
17%
37 yoshinobu gakuganji
17%
33 Kechizu
14%
35 atsua kusakabe
10%
27 Haruta Shigemo
9%
28 Juzo
9%
45 Sasaki
6%
43 Takada
6%
44 Iguchi
4%
36 akari niita
2%
Aucun quiz correspondant
Distribution des résultats
% des personnes avec chaque résultat
Percentile par nombre de réponses
Votre historique - résultats
Vous n’avez pas pris ce quiz